| 000 | 01183nam a2200229Ia 4500 | ||
|---|---|---|---|
| 003 | Ost | ||
| 005 | 20260507075251.0 | ||
| 008 | 260507s9999||||xx |||||||||||||| ||und|| | ||
| 040 | _cfsecg | ||
| 041 | _aara | ||
| 082 | _a330 | ||
| 100 |
_aبن محمد، احمد احمد كليب _eمؤلف |
||
| 245 | 0 |
_aالخسارة : _bمفهومها و معايير احتسابها و تطبيقاتها في الفقه الاسلامي / _c احمد احمد كليب بن محمد |
|
| 260 |
_aعمان: _bدار النفائس, _c2010 |
||
| 300 |
_a436 صفحة؛ _c24 سم |
||
| 504 | _aمراجع ص.403 | ||
| 520 | _aمفهوم الخسارة و أنواعها و الألفاظ ذات الصلة ، الوسائل الشرعية لمعالجة الخسارة قبل و بعد وقوعها ، أسباب الخسارة و طرق تنفيذها ، معايير حساب الخسارة ، تطبيقات الخسارة عند الفقهاء و أساليب مواجهتها في المصارف الاسلامية . | ||
| 653 | _aالإقتصاد الإسلامي | ||
| 653 | _aالبنوك الاسلامية | ||
| 653 | _aالخسائر المالية | ||
| 942 | _cكتاب | ||
| 999 |
_c43693 _d43693 |
||